000 00301nam a22001337a 4500
008 181015b xxu||||| |||| 00| 0 eng d
020 _a9780155021419
041 _aeng
080 _28 ed
_a572
100 _a24
101 _aANT
245 _aCultural Antropology
_cHaviland
942 _2udc
_cBK
999 _c49773
_d49773